000 01435cam a2200433 i 4500
001 vtls000225020
003 PNM
005 20210421121407.0
008 961023t19951995my e a000 0 may
020 _a9836244956
_qpaperback
039 9 _a201912101547
_bfaezah
_c201912101537
_dfaezah
_c200509011428
_dfatimah
040 _aBNM
_beng
_cBNM
_dPNM
_dPPAK
_erda
049 _amalpma
082 0 4 _a899.2309
_222
090 0 0 _a899.2309
_bTEE
_dKAO
100 1 _aTeeuw, A.,
_q(Andries Teeuw)
_d1921-
_eauthor.
245 1 0 _aSastera dan ILMU Sastera :
_bPengantar Teori Sastera /
_cA. TEEUW
264 1 _aKuala Lumpur :
_bDewan Bahasa dan Pustaka,
_c1995
264 4 _c©1995
300 _axx, 376 pages ;
_c21 cm
336 _atext
_2rdacontent
337 _aunmediated
_2rdamedia
338 _avolume
_2rdacarrier
500 _aIncludes index.
504 _aBibliography: pages 349-365.
650 1 0 _aLiterature
_xHistory and criticism
650 2 0 _aLiterature
_xPhilosophy
650 2 0 _aLiterature, Comparative
_xHistory and criticism
650 2 0 _aSemiotics and literature
650 2 0 _aMalay literature
_xHistory and criticism
942 _2ddc
_cB
949 _62000137188
_a899.2309 TEE M
949 _62000137190
_a899.2309 TEE M
949 _61000297565
_9830366
949 _61000297564
_9830365
949 _61000297563
_9830364
949 _61000297566
_9830367
_s6700:20070726
949 _aTS 0004 TEE KP
_e2543317
999 _c183586
_d183586